Football en 30 buts filmés - Clic Quiz - Statistiques

Statistiques générales
  • Ce quiz a été pris 223 fois
  • Le résultat moyen est 22 sur 30
Statistiques - réponses
Hint Réponse % Correct
Henry
88%
Isak
88%
Fabinho
86%
Hummels
86%
Sergio Ramos
86%
Robben
85%
Vitinha
83%
Fekir
82%
Haaland
82%
Salah
82%
Ribéry
81%
Bergkamp
79%
Cantona
79%
Neymar
76%
Immobile
75%
Shearer
74%
Kane
73%
Carrière
71%
Lewandowski
71%
Müller
71%
Henderson
69%
Ginola
65%
Cabaye
64%
Gignac
63%
Modric
62%
Ramsey
62%
Gabbiadini
60%
Ødegaard
58%
Hazard
57%
Toni
55%
Aucun quiz correspondant
Distribution des résultats
% des personnes avec chaque résultat
Percentile par nombre de réponses
Votre historique - résultats
Vous n’avez pas pris ce quiz